Blink-182 Charting Songs (Billboard Hot Rock / Alt) - Statistics

General Stats
  • This quiz has been taken 38 times
    28 since last reset
  • The average score is 28 of 47
Answer Stats
Album Weeks On Peak Artist(s) Song % Correct
Enema of the State 1 Week #22 Blink-182 All the Small Things
93%
California 26 Weeks #6 Blink-182 Bored to Death
93%
One More Time... 2 Weeks #22 Blink-182 Anthem Part 3
87%
One More Time... 3 Weeks #28 Blink-182 Dance With Me
87%
Nine 21 Weeks #4 Blink-182 I Really Wish I Hated You
87%
California 26 Weeks #11 Blink-182 She's Out of Her Mind
87%
California 4 Weeks #20 Blink-182 Cynical
80%
Nine 4 Weeks #9 Blink-182 Darkside
80%
Nine 14 Weeks #9 Blink-182 Blame It On My Youth
73%
California 2 Weeks #29 Blink-182 Home is Such a Lonely Place
73%
One More Time... 22 Weeks #10 Blink-182 One More Time
73%
Nine 1 Week #40 Blink-182 Remember to Forget Me
73%
Nine 1 Week #15 Blink-182 The First Time
73%
Neighborhoods 20 Weeks #6 Blink-182 Up All Night
73%
California 2 Weeks #37 Blink-182 California
67%
One More Time... 18 Weeks #7 Blink-182 EDGING
67%
One More Time... 2 Weeks #34 Blink-182 Fell In Love
67%
California 1 Week #36 Blink-182 Kings of the Weekend
67%
California 2 Weeks #31 Blink-182 Los Angeles
67%
One More Time... 2 Weeks #41 Blink-182 More Than You Know
67%
California 2 Weeks #35 Blink-182 San Diego
67%
California 4 Weeks #25 Blink-182 Sober
67%
One More Time... 1 Week #38 Blink-182 Terrified
67%
Nine 1 Week #26 Blink-182 Heaven
60%
Nine 1 Week #37 Blink-182 Hungover You
60%
Nine 1 Week #13 Blink-182 Pin the Grenade
60%
Nine 1 Week #42 Blink-182 Ransom
60%
Nine 1 Week #33 Blink-182 Run Away
60%
Nine 1 Week #28 Blink-182 Black Rain
53%
California (Deluxe Edition) 1 Week #23 Blink-182 Misery
53%
Nine 1 Week #36 Blink-182 On Some Emo Shit
53%
California (Deluxe Edition) 1 Week #34 Blink-182 Parking Lot
53%
California 1 Week #45 Blink-182 The Only Thing That Matters
53%
Nine 1 Week #32 Blink-182 Generational Divide
47%
California 1 Week #33 Blink-182 Left Alone
47%
California 2 Weeks #19 Blink-182 Rabbit Hole
47%
California 1 Week #42 Blink-182 Teenage Satellites
47%
Neighborhoods 20 Weeks #20 Blink-182 After Midnight
40%
California 4 Weeks #23 Blink-182 No Future
40%
Nine 1 Week #29 Blink-182 No Heart to Speak Of
40%
One More Time... 1 Week #49 Blink-182 You Don't Know What You've Got
40%
Non-Album Single 1 Week #45 Blink-182 All In My Head
33%
Non-Album Single 1 Week #46 Blink-182 Quarantine
33%
One More Time... 1 Week #50 Blink-182 Blink Wave
27%
One More Time... 1 Week #48 Blink-182 When We Were Young
27%
World War Joy 1 Week #21 The Chainsmokers ft. Blink-182 P.S. I Hope You're Happy
20%
Bad Vibes Forever 1 Week #17 XXXTENTACION ft. Blink-182 it's all fading to black
7%
No matching quizzes found
Score Distribution
Percent of People with Each Score
Percentile by Number Answered
Your Score History
You have not taken this quiz since the last reset